Informačný systém pre vnútropodnikové smernice : Bakalárska práca
Na minha lista:
| Autor principal: | |
|---|---|
| Outros Autores: | |
| Formato: | Manuscrito Livro |
| Idioma: | eslovaco |
| Publicado em: |
Trnava :
STU v Bratislave MtF KPIM,
2005
|
| Assuntos: | |
| Tags: |
Sem tags, seja o primeiro a adicionar uma tag!
|
MARC
| LEADER | 00000ntm a22000003a 4500 | ||
|---|---|---|---|
| 001 | stu96004 | ||
| 005 | 20150617225812.5 | ||
| 008 | 051006s2005----xo------------------slo-d | ||
| 040 | |a STU |b slo | ||
| 041 | 0 | |a slo | |
| 044 | |a xo | ||
| 100 | 1 | |a Fojtíková, Alexandra |4 aut |u M190 |U MTF Materiálovotechnologická fakulta |T MTF Katedra priemyselného inžinierstva a manažmentu |U M190 |Y 167 | |
| 245 | 1 | |a Informačný systém pre vnútropodnikové smernice : |b Bakalárska práca | |
| 260 | |a Trnava : |b STU v Bratislave MtF KPIM, |c 2005 | ||
| 300 | |a 56 s |c príl., 1 CD | ||
| 650 | 7 | |a priemyselné inžinierstvo a manažment |2 stusub | |
| 650 | 7 | |a informačný systém podniku |2 stusub | |
| 700 | 1 | |a Šujanová, Jana, |d 1961- |4 xxx |u M4000 |U MTF Materiálovotechnologická fakulta |T MTF Ústav priemyselného inžinierstva a manažmentu |X 2306 |U M4000 |Y 84 |7 A000002306 | |
| 996 | |b 284M062988 |c M*BP-1311 |l MMSKP |s P |a 0 |w stu96004_0001 | ||